| 000 | nam a22 a 4500 | ||
|---|---|---|---|
| 999 |
_c131283 _d131283 |
||
| 003 | BLK | ||
| 005 | 20221130124937.0 | ||
| 008 | 180409b bul|||||r ||||||| ||bul|| | ||
| 010 | _aKNG00137095000 | ||
| 040 | _aBLK | ||
| 041 |
_aBUL _cBUL |
||
| 080 |
_aРазпространяване на научните знания - популяризиране на науката, занимателна наука, учение за явленията научно необяснени, заблуждения и фалшификации, илюзии и др. п., секретност на научните знания _b001.9 _z001.9 |
||
| 139 |
_aПроблемът CETI _bП 89 |
||
| 245 | 1 | 0 |
_aПроблемът CETI _bВръзка с извънземни цивилизации : Материари от Първата съв.-америк. конф. по проблема CETI _cпрев. от рус. Атанаска Спасова Андреева. |
| 257 | _aSUN | ||
| 260 |
_bНаука и изкуство _c1979 _f(Ямбол : Г. Димитров) _aСофия |
||
| 300 |
_a351 с. _bс ил. _c21 см |
||
| 380 | _a0 | ||
| 500 | _aОриг. загл. Проблема CETI. - 11 101 тир. - Библиогр. с. 337-349. | ||
| 650 | 4 |
_aКосмически изследвания _9247375 |
|
| 650 | 4 |
_aИзвънземни цивилизации _9242018 |
|
| 653 | _aкосмически изследвания | ||
| 653 | _aизвънземни цивилизации | ||
| 700 | 1 |
_aАндреева, Атанаска Спасова _eпрев. от рус. _9378220 |
|
| 710 | 1 |
_aСъветско-американска конф. Проблемът CETI. 1979 _92962 |
|
| 852 |
_aЦб 100923 _bЦб |
||
| 942 |
_cKNG _n0 _s1 |
||
| 944 |
_aCR _c10.12.2012 _l10.12.2012 - от С1,Р / 10.12.2012 _kГрета_Цуфелде |
||
| 944 |
_aED _c2022-11-30 _l2022-11-30 |
||